000
00271nam a22001097a 4500
008
180803b xxu||||| |||| 00| 0 eng d
082
_a
813.52
245
_a
Oral Communication for the Real World
_c
Kozyrev,J.R
260
_c
1998
300
_a
2
_f
Cassette
942
_2
ddc
_c
MX
999
_c
46787
_d
46787